000 00862nam a22002297a 4500
999 _c20712
_d20712
005 20200122125342.0
008 200122b xxu||||| |||| 00| 0 spa d
040 _aCO-BoIAVH
_cCO-BoIAVH
041 _aspa
044 _ack
082 _a333.75068
_bD44p
110 _aDepartamento Nacional de Planeación
245 1 3 _aEl plan de Acción forestal para Colombia en la revolución pacífica.
_b1990 - 1994.
260 _aBogotá D.C.:
_bDepartamento Nacional de Planeación,
_bMinisterio de Medio Ambiente,
_bMinisterio de Agricultura,
_c1994.
300 _a60 Páginas:
_bilustraciones,
_c31 x 24 cm.
650 0 _aAdministración forestal
650 0 _aParticipación ciudadana
650 0 _acalidad
_vmedio ambiente
650 0 _aConservación
_xBiodiversidad
650 0 _aGestión ambiental
942 _2ddc
_cLIBRO